000 00802nam a2200253 a 4500
001 000021761
005 20200930011435.0
008 100911s1976 sp 000 f spa d
040 _aDO-SdBNP
_bspa
_cBNPHU
082 _a843.8
_bZ86t, 1976
100 1 _aZola, Émile,
_d1840-1902
_93605
245 1 3 _aLa taberna /
_cÉmile Zola ; traducción de Julio C. Acerete.
250 _a2a ed.
260 _aBarcelona :
_bBruguera,
_c1976.
300 _a556, [4] p. ;
_c17 cm.
490 1 _aLibro amigo. Literatura moderna
_v207
534 _pTítulo original en francés:
_tL´Assommoir
650 4 _aNovela francesa
_91075
650 4 _aLiteratura francesa
_91074
700 1 _aAcerete, Julio C.,
_etr.
_911980
830 0 _aLibro amigo. Literatura moderna;
_v207
_945219
910 _aWM
049 _aBNGR
999 _c21260
_d21260